000 00453nam a2200181Ia 4500
005 20240823055131.0
008 240823s9999||||xx |||||||||||||| ||und||
041 _aENGLISH
082 _A574.191 Q5
100 _aGurumani N
245 3 _aAn Introduction to Biostatistics
250 _a2nd
260 _c2015
_bMJP Publi
500 _aYES
650 _aHuman Genetics and Molecular Biology
_bAllied Health Science
942 _cBK
999 _c228065
_d228065